Welcome to University of Cape Coast Library, Online Public Access Catalogue (OPAC)

Investment appraisal for non-financial managers (Record no. 44902)

MARC details
000 -LEADER
fixed length control field 00898cam a2200289Mc 4500
001 - CONTROL NUMBER
control field ocn464795824
003 - CONTROL NUMBER IDENTIFIER
control field OCoLC
005 - DATE AND TIME OF LATEST TRANSACTION
control field 20230619134021.0
008 - FIXED-LENGTH DATA ELEMENTS--GENERAL INFORMATION
fixed length control field 140322s1995 enk 000 0 eng d
020 ## - INTERNATIONAL STANDARD BOOK NUMBER
International Standard Book Number 027361245X
020 ## - INTERNATIONAL STANDARD BOOK NUMBER
International Standard Book Number 9780273612452
029 1# - OTHER SYSTEM CONTROL NUMBER (OCLC)
OCLC library identifier DKDLA
System control number 820120-katalog:990001396110305765
035 ## - SYSTEM CONTROL NUMBER
System control number (OCoLC)464795824
040 ## - CATALOGING SOURCE
Original cataloging agency DKDLA
Language of cataloging dan
Transcribing agency DKDLA
Modifying agency OCLCQ
082 04 - DEWEY DECIMAL CLASSIFICATION NUMBER
Classification number 658.152
Assigning agency OCoLC
Edition number 21/eng/20230216
100 1# - MAIN ENTRY--PERSONAL NAME
Personal name Moran, Kate
9 (RLIN) 23334
245 10 - TITLE STATEMENT
Title Investment appraisal for non-financial managers
260 ## - PUBLICATION, DISTRIBUTION, ETC.
Place of publication, distribution, etc. London :
Name of publisher, distributor, etc. Pitman Publishing,
Date of publication, distribution, etc. 1995
300 ## - PHYSICAL DESCRIPTION
Extent 221 s
336 ## - CONTENT TYPE
Content type term tekst
Content type code txt
Source rdacontent/dan
337 ## - MEDIA TYPE
Media type term umedieret
Media type code n
Source rdamedia/dan
650 #4 - SUBJECT ADDED ENTRY--TOPICAL TERM
Topical term or geographic name entry element Investeringsteori
9 (RLIN) 23335
650 #0 - SUBJECT ADDED ENTRY--TOPICAL TERM
Topical term or geographic name entry element Investeringsteori
9 (RLIN) 23335
710 2# - ADDED ENTRY--CORPORATE NAME
Corporate name or jurisdiction name as entry element Institute of Management Foundation. IM
9 (RLIN) 23336
942 ## - ADDED ENTRY ELEMENTS (KOHA)
Source of classification or shelving scheme Library of Congress Classification
Koha item type Books
948 ## - LOCAL PROCESSING INFORMATION (OCLC); SERIES PART DESIGNATOR (RLIN)
h (OCLC) NO HOLDINGS IN GHUCC - 2 OTHER HOLDINGS

No items available.

Koha©2022 UCC.All Right Reserved.Site Developed by Sam Jonah Library IT Team
<Home | Contact | Library publications |Research Tools | Research Guides |https://ucclivechat.library-gh.net/index.php/chat

If you have questions or concern please contact the Library.



PMB, University of Cape Coast

KOHA HOME